[Event "GBR-ch83"]
[Site "Nottingham"]
[Date "1996.08.12"]
[Round "7.10"]
[White "Buckley, Graeme"]
[Black "Pert, Nicholas"]
[Result "1-0"]
[WhiteElo "2370"]
[BlackElo "2195"]
[PlyCount "101"]
[EventDate "1996.08.05"]
[EventType "swiss"]
[EventRounds "11"]
[EventCountry "GBR"]

1. c4 f5 2. Nc3 Nf6 3. g3 e5 4. Bg2 c6 5. d4 e4 6. h4 d5 7. cxd5 Nxd5 8. Nh3
Be6 9. O-O Nxc3 10. bxc3 Nd7 11. f3 Nf6 12. Ng5 Bd5 13. fxe4 fxe4 14. Qc2 Be7
15. Nxe4 O-O 16. Ng5 g6 17. Bf4 Nh5 18. Bxd5+ Qxd5 19. e4 Qc4 20. Qb3 Qxb3 21.
axb3 Bxg5 22. hxg5 Rae8 23. Rae1 b6 24. c4 Rf7 25. d5 cxd5 26. cxd5 Rd7 27. Kg2
Ng7 28. g4 a5 29. Re3 b5 30. Ra1 Ra8 31. Rc3 Re8 32. Kf3 Rf8 33. Ke3 Rdf7 34.
Bd6 Rd8 35. Bc7 Rdf8 36. Bd6 Rd8 37. Rc6 Ra8 38. Rxa5 Rd8 39. Rxb5 Ne8 40. Be5
Rf1 41. Bg3 Rb1 42. Rcb6 Rc8 43. Rb8 Rc3+ 44. Kd4 Rxg3 45. Rxe8+ Kf7 46. Reb8
Rgxb3 47. Rxb3 Rxb3 48. Rxb3 h6 49. Ke5 hxg5 50. Rb7+ Ke8 51. Kd6 1-0

[Event "GBR-ch83"]
[Site "Nottingham"]
[Date "1996.08.12"]
[Round "7.11"]
[White "Williams, Simon Kim"]
[Black "Trifunovic, Aleksandar"]
[Result "1/2-1/2"]
[WhiteElo "2350"]
[BlackElo "2250"]
[PlyCount "54"]
[EventDate "1996.08.05"]
[EventType "swiss"]
[EventRounds "11"]
[EventCountry "GBR"]

1. c4 Nf6 2. Nc3 g6 3. d4 Bg7 4. e4 d6 5. f3 O-O 6. Bg5 a6 7. Qd2 Nc6 8. Nge2
Rb8 9. d5 Ne5 10. Nd4 c5 11. Nc2 b5 12. cxb5 axb5 13. Bxb5 Rxb5 14. Nxb5 Nc4
15. Qe2 Qa5+ 16. b4 Qxb5 17. a4 Qa6 18. b5 Qa5+ 19. Bd2 Nxd2 20. Qxd2 Qb6 21.
Rb1 c4 22. a5 Qc5 23. Qb4 Nd7 24. b6 Ba6 25. Kd1 Qf2 26. Qd2 Qc5 27. Qb4 Qf2
1/2-1/2

[Event "GBR-ch83"]
[Site "Nottingham"]
[Date "1996.08.12"]
[Round "7.12"]
[White "Mason, Donald"]
[Black "Dunworth, Christopher"]
[Result "0-1"]
[WhiteElo "2275"]
[BlackElo "2335"]
[PlyCount "54"]
[EventDate "1996.08.05"]
[EventType "swiss"]
[EventRounds "11"]
[EventCountry "GBR"]
[SourceTitle "Mega Database 2004"]

1. e4 d5 2. d4 e6 3. Nd2 dxe4 4. Nxe4 Bd7 5. Nf3 Bc6 6. Bd3 Nd7 7. Qe2 Bxe4 8.
Bxe4 c6 9. Bd2 Ngf6 10. Bd3 Bd6 11. O-O O-O 12. Ne5 Qc7 13. f4 c5 14. c3 Rad8
15. Rf3 Rfe8 16. Rh3 Nf8 17. g4 $6 g6 $6 18. Rf1 cxd4 19. cxd4 Qb6 20. Bc3 Nd5
21. Qf2 Qc7 $6 (21... f6 $5) 22. f5 $4 (22. g5 $1 $16) 22... exf5 23. gxf5 Rxe5
$1 $19 24. dxe5 Bc5 25. Bd4 Nf4 $1 26. Re3 Rxd4 27. Bb1 Nh3+ 0-1

[Event "GBR-ch83"]
[Site "Nottingham"]
[Date "1996.08.12"]
[Round "7.13"]
[White "Wilson, Jonathan G"]
[Black "Molyneux, John"]
[Result "1-0"]
[WhiteElo "2285"]
[BlackElo "2170"]
[PlyCount "81"]
[EventDate "1996.08.05"]
[EventType "swiss"]
[EventRounds "11"]
[EventCountry "GBR"]

1. d4 f5 2. g3 Nf6 3. Bg2 e6 4. c4 d5 5. Nh3 c6 6. O-O Bd6 7. b3 O-O 8. Bb2 Bd7
9. Qc2 Be8 10. Nd2 a5 11. Nf3 Bh5 12. Ne5 Qe8 13. Nf4 Nbd7 14. cxd5 cxd5 15.
Rac1 g5 16. Nh3 h6 17. f3 Bg6 18. Nf2 Bh7 19. e4 f4 20. gxf4 gxf4 21. Qd2 Nh5
22. Nfg4 Nxe5 23. dxe5 Bb4 24. Qe2 dxe4 25. fxe4 Rd8 26. Nf6+ Nxf6 27. exf6 Qg6
28. Rxf4 h5 29. Rc7 Rf7 30. Rxf7 Bc5+ 31. Kh1 Kxf7 32. Rf1 Qg5 33. Bc1 Qe5 34.
Bf4 Qd4 35. Bf3 Kxf6 36. e5+ Kg7 37. Bg5 Rg8 38. Rd1 Qf2 39. Rd7+ Kg6 40. Qxf2
Bxf2 41. h4 1-0

[Event "GBR-ch83"]
[Site "Nottingham"]
[Date "1996.08.12"]
[Round "7.14"]
[White "Rudd, Jack"]
[Black "Tebb, David J"]
[Result "0-1"]
[WhiteElo "2190"]
[BlackElo "2320"]
[PlyCount "70"]
[EventDate "1996.08.05"]
[EventType "swiss"]
[EventRounds "11"]
[EventCountry "GBR"]

1. d4 Nf6 2. c4 c5 3. d5 b5 4. Nf3 g6 5. cxb5 a6 6. Nc3 axb5 7. e4 (7. d6) 7...
b4 8. Nb5 d6 9. e5 dxe5 10. Nxe5 Bg7 11. Bc4 O-O 12. O-O (12. d6 Ra6 $17) 12...
Ba6 13. Bg5 $2 (13. Re1) 13... Ne4 14. Bf4 Nd6 15. Nxd6 exd6 16. Nc6 Nxc6 17.
Bxa6 Rxa6 18. dxc6 Rxc6 $19 19. Qd5 Qd7 20. Rfe1 Bxb2 21. Rad1 Re8 22. Kf1 Re6
23. Qc4 Bc3 24. Re3 Rxe3 25. fxe3 Bf6 26. Qb5 Be7 27. Kf2 Qc8 28. Qc4 Qa6 29.
Qe4 Bf8 30. Rd2 c4 31. Kg3 c3 32. Rc2 Qc4 33. Qe8 Rc8 34. Qd7 Ra8 35. Bxd6 Qd3
0-1

[Event "GBR-ch83"]
[Site "Nottingham"]
[Date "1996.08.12"]
[Round "7.17"]
[White "Cobb, James E"]
[Black "Savage, Ben D"]
[Result "1-0"]
[WhiteElo "2260"]
[BlackElo "2200"]
[PlyCount "51"]
[EventDate "1996.08.05"]
[EventType "swiss"]
[EventRounds "11"]
[EventCountry "GBR"]

1. Nf3 g6 2. g3 d6 3. d4 f5 4. Nc3 Nf6 5. Bf4 Bg7 6. Bg2 O-O 7. Qd2 Qe8 8. O-O
c6 9. a4 Nbd7 10. Bh6 e5 11. Bxg7 Kxg7 12. dxe5 dxe5 13. e4 f4 14. Qd6 Nh5 15.
Rad1 Rf6 16. Qc7 Re6 17. Ne2 Re7 18. Qa5 b6 19. Qc3 fxg3 20. fxg3 Nc5 21. Qe3
Nf6 22. Nh4 h6 23. Rxf6 Kxf6 24. Qxh6 Bg4 25. Nxg6 Bxe2 26. Nxe5+ 1-0

[Event "GBR-ch83"]
[Site "Nottingham"]
[Date "1996.08.12"]
[Round "7.19"]
[White "Mordue, A Tyson"]
[Black "Jackson, Oliver A"]
[Result "1-0"]
[WhiteElo "2240"]
[BlackElo "2240"]
[PlyCount "65"]
[EventDate "1996.08.05"]
[EventType "swiss"]
[EventRounds "11"]
[EventCountry "GBR"]

1. e4 c5 2. Nf3 e6 3. d4 cxd4 4. Nxd4 a6 5. Bd3 Nf6 6. O-O Qc7 7. Qe2 d6 8. Be3
Be7 9. f4 Nc6 10. Nxc6 bxc6 11. c4 c5 12. Nc3 Bb7 13. Rae1 h5 14. Bc1 Nd7 15.
e5 O-O-O 16. Be4 g5 17. Bxb7+ Kxb7 18. Qf3+ Ka7 19. exd6 Bxd6 20. Ne4 g4 21.
Qe2 Be7 22. f5 Ne5 23. fxe6 Bh4 24. Rd1 fxe6 25. Nxc5 Rxd1 26. Rxd1 Rd8 27.
Rxd8 Qxd8 28. Nxe6 Qd6 29. Nd4 Bf6 30. Be3 Kb7 31. Qc2 Qb4 32. Qe4+ Kb8 33.
Qxe5+ 1-0

[Event "GBR-ch83"]
[Site "Nottingham"]
[Date "1996.08.12"]
[Round "7.20"]
[White "Cole, Roland B"]
[Black "Duncan, Christopher R"]
[Result "1/2-1/2"]
[WhiteElo "2215"]
[BlackElo "2340"]
[PlyCount "53"]
[EventDate "1996.08.05"]
[EventType "swiss"]
[EventRounds "11"]
[EventCountry "GBR"]

1. c4 e5 2. Nc3 d6 3. g3 f5 4. Bg2 Nf6 5. e3 g6 6. Nge2 Bg7 7. O-O O-O 8. b4 c6
9. b5 Be6 10. d3 Bf7 11. Rb1 Qc7 12. Qa4 Rc8 13. Ba3 Nbd7 14. Rfc1 Bf8 15. Rb2
e4 16. Nb1 Ne5 17. dxe4 Nd3 18. Rd1 Nxb2 19. Bxb2 Nxe4 20. Bxe4 fxe4 21. Qc2
Be6 22. Qxe4 Bf5 23. Qh4 Bxb1 24. Rxb1 cxb5 25. Nf4 Qd8 26. Qg4 Qe8 27. Nh5 (
27. Nh5 Qf7 28. Qd4 Bg7 29. Nxg7 Rxc4 30. Nf5 Rxd4 31. Nh6+ Kf8 32. Nxf7 Rd2
33. Nxd6 $1 $18) 1/2-1/2

[Event "GBR-ch83"]
[Site "Nottingham"]
[Date "1996.08.12"]
[Round "7.21"]
[White "Richardson, John R"]
[Black "Pert, Richard G"]
[Result "0-1"]
[WhiteElo "2310"]
[BlackElo "2165"]
[PlyCount "46"]
[EventDate "1996.08.05"]
[EventType "swiss"]
[EventRounds "11"]
[EventCountry "GBR"]
[SourceTitle "Mega Database 2004"]

1. d4 d5 2. c4 e6 3. Nf3 c6 4. Nc3 Nf6 5. e3 Nbd7 6. Qc2 Bd6 7. Bd2 O-O 8. Bd3
dxc4 9. Bxc4 e5 10. O-O Qe7 11. Bb3 e4 12. Ng5 Bxh2+ 13. Kxh2 Ng4+ 14. Kg3 Qxg5
15. Nxe4 Qg6 16. Ng5 Qxg5 17. f4 Qf6 18. Kxg4 Ne5+ 19. Kg3 Bf5 20. Qd1 Qg6+ 21.
Kh4 Qxg2 22. fxe5 Qh3+ 23. Kg5 h6+ 0-1

[Event "GBR-ch83"]
[Site "Nottingham"]
[Date "1996.08.13"]
[Round "8.1"]
[White "Parker, Jonathan F"]
[Black "Ward, Christopher G"]
[Result "1-0"]
[WhiteElo "2470"]
[BlackElo "2460"]
[PlyCount "79"]
[EventDate "1996.08.05"]
[EventType "swiss"]
[EventRounds "11"]
[EventCountry "GBR"]
[SourceTitle "Mega Database 2004"]

1. d4 Nf6 2. c4 e6 3. Nc3 Bb4 4. Nf3 b6 5. Bg5 h6 6. Bh4 g5 7. Bg3 Ne4 8. Rc1
Bxc3+ 9. bxc3 d6 10. Nd2 Nxg3 11. hxg3 Nd7 12. e4 Bb7 13. Bd3 Qe7 14. Qa4 e5 $2
(14... c5) 15. c5 $1 dxc5 16. O-O a6 17. f4 gxf4 18. gxf4 exf4 19. Rxf4 Rg8 20.
Nf3 $1 (20. Rcf1 b5 21. Qb3 O-O-O 22. Rxf7 Qg5 $17) 20... Rg7 21. Rb1 cxd4 (
21... Qd6) 22. cxd4 Qd6 (22... a5 $1) 23. e5 Qc6 24. Qa3 $1 O-O-O $2 (24... Qe6
25. Bf5 Qe7 $5) 25. Rc1 Qe6 26. Bf5 Qd5 27. Qd6 $1 $18 Qxd6 28. exd6 c5 29.
dxc5 bxc5 30. Ne5 Rxg2+ 31. Kf1 Rdg8 32. Rxc5+ Kd8 33. Nxf7+ Ke8 34. Bxd7+ Kxd7
35. Rc7+ Ke6 36. Re7+ Kd5 37. d7 Rg1+ 38. Ke2 R1g2+ 39. Rf2 R2g7 40. Re8 1-0

[Event "GBR-ch83"]
[Site "Nottingham"]
[Date "1996.08.13"]
[Round "8.2"]
[White "Emms, John M"]
[Black "Summerscale, Aaron"]
[Result "0-1"]
[WhiteElo "2500"]
[BlackElo "2500"]
[PlyCount "102"]
[EventDate "1996.08.05"]
[EventType "swiss"]
[EventRounds "11"]
[EventCountry "GBR"]

1. e4 d6 2. d4 Nf6 3. Nc3 Nbd7 4. Nf3 e5 5. Bc4 Be7 6. O-O O-O 7. a4 c6 8. Re1
b6 9. d5 cxd5 10. Nxd5 Bb7 11. Bg5 Rc8 12. Bxf6 Nxf6 13. Nxf6+ Bxf6 14. Qd3 Rc5
15. Rad1 Qc8 16. Bb3 Rd8 17. c3 g6 18. h3 Kg7 19. Nh2 Bg5 20. Nf1 Qa8 21. Qe2
Bf4 22. g3 Bg5 23. Nh2 h5 24. h4 Bf6 25. Nf3 Qc8 26. Qe3 Bc6 27. Ng5 d5 28.
exd5 Bxd5 29. Bxd5 Rcxd5 30. Rxd5 Rxd5 31. Ne4 Be7 32. Ra1 Qd7 33. Kh2 Rd3 34.
Qe2 f5 35. Ng5 e4 36. Rf1 Bxg5 37. hxg5 Qxa4 38. b4 Qa3 39. b5 Qxc3 40. Qa2 Qc7
41. Qa1+ Kh7 42. Rc1 Qd7 43. Rc6 $2 (43. Qe5 $1 $11) 43... f4 $1 $19 44. Qe5
fxg3+ 45. Kg2 h4 46. Re6 h3+ 47. Kxh3 gxf2+ 48. Kg2 f1=Q+ 49. Kxf1 Rf3+ 50. Ke1
Re3+ 51. Kf1 Qd1+ 0-1

[Event "GBR-ch83"]
[Site "Nottingham"]
[Date "1996.08.13"]
[Round "8.3"]
[White "Sadler, Matthew D"]
[Black "Ferguson, Mark"]
[Result "1-0"]
[WhiteElo "2615"]
[BlackElo "2385"]
[PlyCount "69"]
[EventDate "1996.08.05"]
[EventType "swiss"]
[EventRounds "11"]
[EventCountry "GBR"]
[SourceTitle "Mega Database 2004"]

1. d4 d5 2. c4 c6 3. Nf3 Nf6 4. Nc3 dxc4 5. a4 Bf5 6. Ne5 e6 7. f3 Bb4 8. e4
Bxe4 9. fxe4 Nxe4 10. Bd2 Qxd4 11. Nxe4 Qxe4+ 12. Qe2 Bxd2+ 13. Kxd2 Qd5+ 14.
Kc2 Na6 15. Nxc4 O-O-O (15... Ke7 $13) 16. Qe3 Kb8 17. Be2 Ka8 18. g4 Qd7 19.
Rad1 Nb4+ 20. Kb1 Nd5 21. Qa3 Qc7 22. a5 $16 Kb8 23. a6 b6 24. Bf3 Rhe8 25.
Rhe1 f6 26. Qb3 Ka8 27. h4 b5 28. Ne3 Qa5 29. Nxd5 exd5 30. Rxe8 Rxe8 31. Rxd5
Kb8 32. Rd6 Qxa6 33. Bxc6 Re4 34. Rd8+ Kc7 35. Rd7+ 1-0

[Event "GBR-ch83"]
[Site "Nottingham"]
[Date "1996.08.13"]
[Round "8.4"]
[White "Ansell, Simon T"]
[Black "Cobb, Charles A"]
[Result "0-1"]
[WhiteElo "2420"]
[BlackElo "2260"]
[PlyCount "76"]
[EventDate "1996.08.05"]
[EventType "swiss"]
[EventRounds "11"]
[EventCountry "GBR"]

1. e4 e6 2. d4 d5 3. e5 c5 4. c3 Nc6 5. Nf3 Bd7 6. Be2 Nge7 7. Na3 Ng6 8. h4
cxd4 9. cxd4 Be7 10. h5 Nh4 11. Nxh4 Bxh4 12. h6 g6 13. Nc2 Be7 14. O-O Qb6 15.
Rb1 Nb4 16. Nxb4 Qxb4 17. Be3 O-O 18. a3 Qa5 19. f4 f5 20. exf6 Rxf6 21. Qb3
Qb6 22. Qxb6 axb6 23. g4 Bd6 24. Rf2 Rc8 25. Bd3 Rf7 26. Rbf1 Re8 27. Bd2 Kh8
28. Bb4 Bxb4 29. axb4 b5 30. Kg2 Ra8 31. f5 gxf5 32. gxf5 exf5 33. Bxf5 Rg8+
34. Kh1 Rgf8 35. Bxd7 Rxf2 36. Rxf2 Rxf2 37. Be6 Rxb2 38. Bxd5 Rxb4 0-1

[Event "GBR-ch83"]
[Site "Nottingham"]
[Date "1996.08.13"]
[Round "8.5"]
[White "McShane, Luke J"]
[Black "Hebden, Mark L"]
[Result "1/2-1/2"]
[WhiteElo "2385"]
[BlackElo "2530"]
[PlyCount "130"]
[EventDate "1996.08.05"]
[EventType "swiss"]
[EventRounds "11"]
[EventCountry "GBR"]

1. e4 e5 2. Nf3 Nc6 3. Bb5 a6 4. Ba4 Nf6 5. O-O Be7 6. Re1 b5 7. Bb3 O-O 8. a4
Bb7 9. d3 d6 10. Nc3 Na5 11. Ba2 b4 12. Ne2 Rb8 13. Ng3 c5 14. Nf5 Bc8 15. N3h4
Ne8 16. Nxe7+ Qxe7 17. g3 Be6 18. c3 Bxa2 19. Rxa2 Qe6 20. c4 Nc6 21. b3 Nc7
22. f4 exf4 23. gxf4 Nd4 24. f5 Qf6 25. Nf3 Nce6 26. Rg2 Nxf3+ 27. Qxf3 Nd4 28.
Qg3 h6 29. Bf4 Rfe8 30. Kh1 Rbd8 31. Reg1 Kf8 32. Qf2 Nxb3 33. Rxg7 Ke7 34. Bg3
Qc3 35. Bh4+ Kd7 36. Rxf7+ Kc6 37. Bxd8 Rxd8 38. f6 Qxd3 39. Re7 Qxc4 40. f7
Rf8 41. Qf5 Kb6 42. Qd5 Qxd5 43. exd5 c4 44. Rg8 Rxf7 45. Rxf7 c3 46. Rc8 Nc5
47. Rb8+ Ka5 48. Rf4 Nd3 49. Rc4 Kxa4 50. Rbxb4+ Nxb4 51. Rxc3 Kb5 52. Rh3 a5
53. Rxh6 a4 54. Rf6 a3 55. h4 a2 56. Rf1 Kc4 57. h5 Nxd5 58. h6 Nf6 59. Kg2 d5
60. Kf3 Kc3 61. Ra1 Kb2 62. Rxa2+ Kxa2 63. Ke3 Ng4+ 64. Kd4 Nxh6 65. Kxd5 Nf5
1/2-1/2

[Event "GBR-ch83"]
[Site "Nottingham"]
[Date "1996.08.13"]
[Round "8.6"]
[White "Dunworth, Christopher"]
[Black "Martin, Andrew D"]
[Result "1-0"]
[WhiteElo "2335"]
[BlackElo "2425"]
[PlyCount "105"]
[EventDate "1996.08.05"]
[EventType "swiss"]
[EventRounds "11"]
[EventCountry "GBR"]

1. d4 Nf6 2. Bg5 e6 3. e4 h6 4. Bxf6 Qxf6 5. Qd2 d6 6. Nc3 a6 7. f4 Qd8 8. Nf3
Be7 9. Bd3 Nd7 10. e5 d5 11. Ne2 c5 12. c3 g6 13. h4 h5 14. Ng5 Qb6 15. O-O Nf8
16. Kh1 Bd7 17. dxc5 Bxc5 18. Nd4 Nh7 19. Ngf3 Kf8 20. g3 Rc8 21. Rae1 Kg7 22.
Qg2 Qd8 23. Re2 b5 24. a3 Nf8 25. Qh3 Qb6 26. Rc2 a5 27. b4 Be7 28. Rfc1 Nh7
29. Qf1 Rb8 30. Qe2 Rhc8 31. Nb3 axb4 32. axb4 Rc7 33. Ra1 Rbc8 34. Rac1 Ra7
35. Nfd4 Rc4 36. Qf2 Qd8 37. Bxc4 dxc4 38. Nd2 Bc8 39. Kh2 Rd7 40. N2f3 Rd5 41.
Nc6 Qc7 42. Nxe7 Qxe7 43. Rd2 Qd7 44. Rcd1 Nf8 45. Ng5 Bb7 46. Rxd5 exd5 47.
Qb6 Bc6 {(This half-move missing from the score but it looks likely to be Bc6)}
48. Ra1 d4 49. Qxd4 Qg4 50. Re1 Ne6 51. Nxe6+ fxe6 52. Qa7+ Kh6 53. Qb8 1-0

[Event "GBR-ch83"]
[Site "Nottingham"]
[Date "1996.08.13"]
[Round "8.8"]
[White "Lee, Graham D"]
[Black "Wilson, Jonathan G"]
[Result "0-1"]
[WhiteElo "2375"]
[BlackElo "2285"]
[PlyCount "46"]
[EventDate "1996.08.05"]
[EventType "swiss"]
[EventRounds "11"]
[EventCountry "GBR"]

1. e4 c5 2. c3 Nf6 3. e5 Nd5 4. d4 cxd4 5. Nf3 Nc6 6. Bc4 Nb6 7. Bb3 d5 8. exd6
Qxd6 9. O-O Be6 10. Bxe6 Qxe6 11. Nxd4 Nxd4 12. Qxd4 Rd8 13. Qf4 g6 14. Na3 Bg7
15. Nb5 O-O 16. Nxa7 Qe2 17. Be3 Nd5 18. Qf3 Qxb2 19. Rab1 Qxa2 20. Rxb7 Qa6
21. Rfb1 Nxc3 22. Qc6 Qd3 23. Re1 Qe2 0-1

[Event "GBR-ch83"]
[Site "Nottingham"]
[Date "1996.08.13"]
[Round "8.9"]
[White "Turner, Matthew J"]
[Black "Cobb, James E"]
[Result "1/2-1/2"]
[WhiteElo "2425"]
[BlackElo "2260"]
[PlyCount "51"]
[EventDate "1996.08.05"]
[EventType "swiss"]
[EventRounds "11"]
[EventCountry "GBR"]

1. c4 e6 2. Nc3 d5 3. cxd5 exd5 4. d4 Nf6 5. Bg5 c6 6. Qc2 Na6 7. a3 Be7 8. e3
Nc7 9. Bd3 h6 10. Bh4 O-O 11. Nge2 b6 12. O-O Ne6 13. Rad1 Bb7 14. Rfe1 Nh5 15.
Bxe7 Qxe7 16. e4 dxe4 17. Bxe4 Rad8 18. d5 cxd5 19. Nxd5 Bxd5 20. Bxd5 Qf6 21.
g3 Ng5 22. f4 Rxd5 23. Rxd5 Nf3+ 24. Kf2 Nxe1 25. Kxe1 g6 26. Re5 1/2-1/2

[Event "GBR-ch83"]
[Site "Nottingham"]
[Date "1996.08.13"]
[Round "8.11"]
[White "Trifunovic, Aleksandar"]
[Black "Knott, Simon JB"]
[Result "1/2-1/2"]
[WhiteElo "2250"]
[BlackElo "2335"]
[PlyCount "40"]
[EventDate "1996.08.05"]
[EventType "swiss"]
[EventRounds "11"]
[EventCountry "GBR"]

1. d4 Nf6 2. Nf3 g6 3. g3 Bg7 4. Bg2 O-O 5. c4 d5 6. cxd5 Nxd5 7. O-O Nb6 8.
Nc3 Nc6 9. d5 Na5 10. Qc2 c6 11. dxc6 Nxc6 12. Rd1 Qe8 13. Bf4 Bg4 14. Rac1 Rc8
15. Qb1 Bxf3 16. Bxf3 Nd4 17. Qe4 e5 18. Be3 Rc7 19. Bxd4 exd4 20. Nd5 Qxe4
1/2-1/2

[Event "GBR-ch83"]
[Site "Nottingham"]
[Date "1996.08.13"]
[Round "8.12"]
[White "Tebb, David J"]
[Black "Phillips, Roy JN"]
[Result "0-1"]
[WhiteElo "2320"]
[BlackElo "2120"]
[PlyCount "81"]
[EventDate "1996.08.05"]
[EventType "swiss"]
[EventRounds "11"]
[EventCountry "GBR"]

1. e4 c5 2. Nf3 d6 3. d4 cxd4 4. Nxd4 Nf6 5. Nc3 g6 6. Be3 Bg7 7. f3 Nc6 8. Qd2
O-O 9. O-O-O Nxd4 10. Bxd4 Be6 11. Kb1 Qc7 12. g4 Rfc8 13. h4 Qa5 14. Qg5 Qxg5
15. hxg5 Nd7 16. Bxg7 Kxg7 17. Rh4 Nb6 18. f4 Rc5 19. f5 Bd7 20. Be2 Bc6 21.
f6+ exf6 22. gxf6+ Kxf6 23. Rxh7 Ke7 24. Rd4 Nd7 25. Rh3 Nf6 26. Rhd3 Rd8 27.
Nd5+ Bxd5 28. exd5 Nd7 29. Ra3 a5 30. Rb3 Rb8 31. Kc1 Ne5 32. Kd2 b6 33. a4 Kf6
34. Rg3 Kg5 35. Rh3 Rcc8 36. Rh1 Rh8 37. Rb1 Rh2 38. Re4 Re8 39. b4 Nf3+ 40.
Kd3 Rxe4 41. Kxe4 0-1

[Event "GBR-ch83"]
[Site "Nottingham"]
[Date "1996.08.13"]
[Round "8.16"]
[White "Bates, Richard"]
[Black "Lilley, Graham"]
[Result "1-0"]
[WhiteElo "2315"]
[BlackElo "2185"]
[PlyCount "55"]
[EventDate "1996.08.05"]
[EventType "swiss"]
[EventRounds "11"]
[EventCountry "GBR"]

1. d4 Nf6 2. Nf3 g6 3. b4 Bg7 4. e3 O-O 5. Bb2 d6 6. Nbd2 Nbd7 7. Rb1 c6 8. a4
a5 9. b5 c5 10. c3 e5 11. dxe5 dxe5 12. e4 b6 13. Bd3 Bb7 14. Qe2 c4 15. Bc2
Nc5 16. Qxc4 Qc8 17. Qe2 Nh5 18. g3 Qh3 19. Ba3 Rfc8 20. Nc4 Qe6 21. Rd1 Nxe4
22. Bxe4 Bxe4 23. Qxe4 f5 24. Qe2 Rxc4 25. Ng5 Qc8 26. Rd8+ Bf8 27. Rxf8+ Qxf8
28. Qxc4+ 1-0

[Event "GBR-ch83"]
[Site "Nottingham"]
[Date "1996.08.13"]
[Round "8.20"]
[White "Baker, Chris W"]
[Black "Littlewood, John Eric"]
[Result "0-1"]
[WhiteElo "2370"]
[BlackElo "2275"]
[PlyCount "42"]
[EventDate "1996.08.05"]
[EventType "swiss"]
[EventRounds "11"]
[EventCountry "GBR"]

1. e4 e5 2. Nf3 d6 3. d4 exd4 4. Nxd4 Nf6 5. Nc3 Be7 6. Bf4 O-O 7. Qd2 d5 8.
exd5 Bb4 9. O-O-O Ne4 10. Qe3 Nxc3 11. bxc3 Ba3+ 12. Kb1 Qxd5 13. c4 Qa5 14.
Nb3 Qa4 15. Bd3 Re8 16. Qg3 Nc6 17. Qh4 g6 18. Rhe1 $2 (18. Qg5) 18... Be6 19.
c5 $2 Bxb3 20. Rxe8+ Rxe8 21. axb3 Qd4 0-1

[Event "GBR-ch83"]
[Site "Nottingham"]
[Date "1996.08.13"]
[Round "8.21"]
[White "Savage, Ben D"]
[Black "Duncan, Christopher R"]
[Result "0-1"]
[WhiteElo "2200"]
[BlackElo "2340"]
[PlyCount "50"]
[EventDate "1996.08.05"]
[EventType "swiss"]
[EventRounds "11"]
[EventCountry "GBR"]
[SourceTitle "Mega Database 2004"]

1. e4 c5 2. Nf3 d6 3. d4 cxd4 4. Nxd4 Nf6 5. Nc3 g6 6. Be3 Bg7 7. f3 O-O 8. Qd2
Nc6 9. O-O-O Bd7 (9... d5) (9... Nxd4) 10. Kb1 Rc8 11. g4 Ne5 12. h4 b5 13. h5
(13. Ncxb5 Nxf3 14. Nxf3 Bxg4) 13... Nxf3 $5 14. Nxf3 Bxg4 15. Qg2 Rxc3 $1 16.
bxc3 Qa5 17. Bd4 e5 18. Be3 Nxe4 19. Qxg4 Nxc3+ 20. Kc1 Nxa2+ 21. Kb2 b4 22. c4
Qa3+ 23. Kc2 Qc3+ 24. Kb1 Qb3+ 25. Ka1 Nc3 0-1

[Event "GBR-ch83"]
[Site "Nottingham"]
[Date "1996.08.13"]
[Round "8.22"]
[White "Rudd, Jack"]
[Black "Clarke, Thomas"]
[Result "0-1"]
[WhiteElo "2190"]
[BlackElo "2230"]
[PlyCount "52"]
[EventDate "1996.08.05"]
[EventType "swiss"]
[EventRounds "11"]
[EventCountry "GBR"]

1. d4 e6 2. c4 f5 3. Nc3 Nf6 4. Nf3 Bb4 5. Bd2 O-O 6. e3 b6 7. Bd3 Bb7 8. Qc2
a5 9. O-O-O Qe7 10. Rhg1 Nc6 11. Ng5 Bxc3 12. Bxc3 Nb4 13. Bxb4 axb4 14. Kb1
Ra5 15. f3 Rfa8 16. b3 b5 17. e4 bxc4 18. bxc4 fxe4 19. Nxe4 Bxe4 20. fxe4 e5
21. Rde1 c5 22. d5 Ra3 23. g3 b3 24. Qd1 d6 25. Re2 Qa7 26. Rgg2 Qa4 {Source:
Ulster Chess Union Yearbook 1995-96. Contributed by David McAlister, 8 August
2021} 0-1

[Event "GBR-ch83"]
[Site "Nottingham"]
[Date "1996.08.14"]
[Round "9.1"]
[White "Summerscale, Aaron"]
[Black "Sadler, Matthew D"]
[Result "1/2-1/2"]
[WhiteElo "2500"]
[BlackElo "2615"]
[PlyCount "72"]
[EventDate "1996.08.05"]
[EventType "swiss"]
[EventRounds "11"]
[EventCountry "GBR"]
[SourceTitle "Mega Database 2004"]

1. d4 d5 2. c4 dxc4 3. Nf3 Nf6 4. e3 e6 5. Bxc4 c5 6. O-O a6 7. Bb3 b6 $5 8.
Qe2 Bb7 9. Nc3 Nbd7 10. Rd1 Bd6 11. dxc5 Bxc5 12. Bd2 b5 13. Rac1 O-O 14. Be1
Qb8 15. Bc2 Rd8 16. Bb1 h6 17. h3 Bf8 18. a3 Be7 19. Na2 Nc5 20. Bb4 Rxd1+ 21.
Qxd1 Qf8 22. Ba5 Rc8 23. Nd4 Qe8 24. Nb4 Bf8 25. Nd3 Nxd3 26. Bxd3 e5 27. Rxc8
Qxc8 28. Nc2 Qc6 29. Bf1 Nd5 30. Qd2 g6 31. Nb4 Nxb4 32. Bxb4 Bxb4 33. Qxb4 Bc8
34. Qd2 Be6 35. Be2 Bd5 36. Bf1 Kg7 1/2-1/2

[Event "GBR-ch83"]
[Site "Nottingham"]
[Date "1996.08.14"]
[Round "9.2"]
[White "Cobb, Charles A"]
[Black "Ward, Christopher G"]
[Result "0-1"]
[WhiteElo "2260"]
[BlackElo "2460"]
[PlyCount "99"]
[EventDate "1996.08.05"]
[EventType "swiss"]
[EventRounds "11"]
[EventCountry "GBR"]
[SourceTitle "Mega Database 2004"]

{Charles Cobb - IM norm, regardless of result in this game} 1. e4 c5 2. c3 d5
3. exd5 Qxd5 4. d4 Nf6 5. Nf3 Bg4 6. Be2 e6 7. h3 Bh5 8. c4 Qd8 9. Nc3 cxd4 10.
Nxd4 Bxe2 11. Ncxe2 Bb4+ 12. Bd2 Bc5 13. Nb3 Be7 14. O-O Nc6 15. Be3 O-O 16.
Nbd4 Ne5 17. b3 a6 18. Nf4 Ng6 19. Nxg6 hxg6 20. Nf3 Qc7 21. Bd4 Nd7 22. Qe2
Bf6 23. Bxf6 gxf6 24. Rfd1 Rfd8 25. Rd2 e5 26. Rad1 Nc5 27. Rd5 e4 28. Ne1 f5
29. Qe3 b6 30. f3 Rxd5 31. cxd5 Qg3 32. Qf2 Qd6 33. b4 Nd7 34. fxe4 fxe4 35.
Qd4 f5 36. Nc2 Rc8 37. Ne3 Ne5 38. a3 Nd3 39. Nc4 Qg3 40. d6 Nf4 {[#]} 41. Qd2
$2 (41. Rd2 $1 Kh7 (41... Nxh3+ 42. Kf1 Qf4+ 43. Ke1 $11) 42. d7 Rxc4 43. Qh8+
Kxh8 44. d8=Q+ Kg7 45. Rd7+ Kh6 46. Qh8+ Kg5 47. Qd8+ Kh6 $11) 41... Kh7 (41...
b5 42. d7 Rd8 43. Ne3 Nxh3+ 44. Kf1 Qf4+ 45. Ke1 Qh4+ 46. Kf1 Nf4 $19) 42. Rf1
Rxc4 43. d7 (43. Qxf4 Qxf4 44. Rxf4 Kg7 $19) 43... Rd4 44. Qxf4 Qxf4 45. Rxf4
Kg7 (45... Rxd7) 46. g4 Kf6 47. gxf5 gxf5 48. Rh4 Kg6 49. Rh8 Rxd7 50. Rb8 0-1

[Event "GBR-ch83"]
[Site "Nottingham"]
[Date "1996.08.14"]
[Round "9.3"]
[White "Wilson, Jonathan G"]
[Black "Parker, Jonathan F"]
[Result "1/2-1/2"]
[WhiteElo "2285"]
[BlackElo "2470"]
[PlyCount "40"]
[EventDate "1996.08.05"]
[EventType "swiss"]
[EventRounds "11"]
[EventCountry "GBR"]

1. d4 Nf6 2. c4 e6 3. Nc3 d5 4. cxd5 exd5 5. Bg5 c6 6. e3 Bf5 7. Qf3 Bg6 8.
Bxf6 Qxf6 9. Qxf6 gxf6 10. h4 h5 11. Nh3 Nd7 12. Nf4 Bd6 13. g3 O-O-O 14. Kd2
Nb6 15. Rc1 Kb8 16. Nxg6 fxg6 17. a3 Be7 18. Bd3 Rdg8 19. Ne2 Bd6 20. Nf4 f5
1/2-1/2